01319nam a22003137a 4500003000400000005001700004008004100021040002200062082001800084100002500102245003000127260006000157300002100217366000800238490003200246505001200278505012000290505005200410505015400462505001200616650005500628650004700683650004800730650004300778650004500821650005600866650004700922700003600969OSt20230621140655.0221006b |||||||| |||| 00| 0 eng d cBiblioteca Lado V a709.05bG851a aGriffin, Timeeditor aArtforum/bInternacional/ aNew Yorkc2010bNew York editorial and business offices c26.5x27cma360p. eeng aSeptiembrev2010x0864-1315 tLETTERS tCOLUMNSaEDITORS'S LETTER: FORMS AND FUNCTIONS PASSAGES BOOKS MEDIA FILM DISPATCH SLANT PERFORMANCE TOP TEN tPREVIEWSaFALL 2010 EXHIBITIONS FROM THE VAULT tFEATURESgQUESTIONS OF STYLE PUBLIC OPTIONS IN CONVERSATION THE UNIVERSAL ADDRESSABILITY 1000 WORDS: ALICE CREISHER UNSPEAKABLE DESIRE OPENINGS tREVIEWS 2Tesauro de Arte & ArquitecturaaARTE COMTEMPORANEO 2Tesauro de Arte & ArquitecturaaFOTOGRAFIA 2Tesauro de Arte & ArquitecturaaARTE VISUAL 2Tesauro de Arte & ArquitecturaaLIBROS 2Tesauro de Arte & ArquitecturaaNOTICIAS 2 Tesauro de Arte & ArquitecturaaARTE INTERNACIONAL 2 Tesauro de Arte & ArquitecturaaESCULTURA aNavarreta, Jose Antonioeeditor